000 00541nam a2200181Ia 4500
003 OSt
005 20241005114539.0
008 210210b1924 xxu||||| |||| 00| 0 eng d
040 _cAL
041 _aKannada
082 _a856/54
100 _aPUTTANNA (M S)
_9157687
_d ಪುಟ್ಟಣ್ಣ ಎಂ ಎಸ್
245 _aChitradurgada Palayagararu
_bಚಿತ್ರದುರ್ಗದ ಪಾಳಯಗಾರರು
260 _aBengaluru
_b-
_c1924
690 _aKannada Miscellaneous
_9157688
906 _a020306
942 _2ddc
_cBK
999 _c144458
_d144458